Southville International School and Colleges
Your cart is empty.
  • Cart
  • Lists
    Public lists Eva Luna New books Lux_list list_1
    Your lists Log in to create your own lists
  • Log in to your account
  • Your cookies
  • Search history
Southville International School and Colleges
  • Advanced search
  • Recent comments
  • Most popular
  • Libraries

Log in to your account

Log in with GOOGLE


If you do not have an external account, but do have a local account, you can still log in:

  1. Home
  2. MARC view: Beyond the gate.
Normal view MARC view ISBD view

Beyond the gate. (Record no. 21986)

[ view plain ]
MARC details
000 -LEADER
fixed length control field 00452nam a2200169 a 4500
005 - DATE AND TIME OF LATEST TRANSACTION
control field 20140310183347.0
008 - FIXED-LENGTH DATA ELEMENTS--GENERAL INFORMATION
fixed length control field 070329s19uu xx 00 eng d
020 ## - INTERNATIONAL STANDARD BOOK NUMBER
International Standard Book Number 0812550315
050 ## - LIBRARY OF CONGRESS CALL NUMBER
Classification number PS 3573.O572
Item number .W869 1996
100 ## - MAIN ENTRY--PERSONAL NAME
Personal name Wolverton, Dave
245 ## - TITLE STATEMENT
Title Beyond the gate.
Statement of responsibility, etc Dave Wolverton
260 ## - PUBLICATION, DISTRIBUTION, ETC. (IMPRINT)
Place of publication, distribution, etc U.S.A :
Name of publisher, distributor, etc Tom Doherty Associates, Inc,
Date of publication, distribution, etc 1995.
300 ## - PHYSICAL DESCRIPTION
Extent 439 p. :
Dimensions 17 cm.
650 ## - SUBJECT ADDED ENTRY--TOPICAL TERM
Topical term or geographic name as entry element Fiction.
942 ## - ADDED ENTRY ELEMENTS (KOHA)
Koha item type Books
Source of classification or shelving scheme Library of Congress Classification
Holdings
Withdrawn status Lost status Source of classification or shelving scheme Damaged status Home library Current library Shelving location Date acquired Source of acquisition Total Checkouts Full call number Barcode Date last seen Copy number Price effective from Koha item type
    Library of Congress Classification   College Library College Library Fiction Section 03/29/2007     PS 3573.O572 .W869 1996 C8288 05/08/2018 1 10/10/2013 Books

Beyond the gate.

APA

Wolverton D., . (1995). Beyond the gate. U.S.A: Tom Doherty Associates, Inc.

Chicago

Wolverton Dave, . 1995. Beyond the gate. U.S.A: Tom Doherty Associates, Inc.

Harvard

Wolverton D., . (1995). Beyond the gate. U.S.A: Tom Doherty Associates, Inc.

MLA

Wolverton Dave, . Beyond the gate. U.S.A: Tom Doherty Associates, Inc. 1995.

  • Place hold
  • Print
  • Cite
  • Add to your cart (remove)
  • Save record
    BIBTEX Dublin Core MARCXML MARC (non-Unicode/MARC-8) MARC (Unicode/UTF-8) MARC (Unicode/UTF-8, Standard) MODS (XML) RIS
  • More searches
    Search for this title in:
    Other Libraries (WorldCat) Other Databases (Google Scholar) Online Stores (Bookfinder.com) Open Library (openlibrary.org)

Exporting to Dublin Core...

SOUTHVILLE LIBRARY

Southville International School and Colleges Library

1281 Tropical Ave. Cor. Luxembourg St., BF Homes International, Las Pinas City

Tel. No. 8256374 / 252358 Loc. 117/146

Powered by Koha